00694nam a2200169 a 450000100100000000500170001000800410002704000250006808200150009310000390010824500780014726000300022530000280025570000380028395201860032199900170050700003492420200930074005.0111021s1949 fr a 000 0 spa d aDO-SdBNPbspacBNPHU axxxbD886t1 aDumas, Alexandre,d1802-18709371510aLes trois mousquetaires /cAlexandre Dumas ; préface André Fraigneau. aFrancia :bBordas,c1949. a292 p. :bil. ;c23 cm.1 aFraigneau, André,epref.960493 001050718RVaGRbGRcCTd2011-10-21iLF1l0oxxx D886tp34924-10r2020-06-25w2020-06-25y1zPerteneció a la biblioteca personal de Juan Isidro Jimenes- GrullónZNo se presta c34415d34415